02314namaa2200397uu 4500001001000000003000600010005001700016006001900033007001500052008004100067020001800108040001700126041000800143042000700151072001500158072001500173072001600188720002300204245004400227260002700271300003100298336002600329337002600355338003600381506005100417520109400468540006301562546001201625650003401637650002201671650005801693653001401751793001801765856011601783999001701899doab26955oapen20260305123946.0m o d cr|mn|---annan210210s2019 xx |||||o ||| 0|eng d a9780415860741 aoapencoapen0 aeng adc 7aKC2bicssc 7aKJ2bicssc 7aKNT2bicssc1 aIda, Takanori4aut00aBroadband EconomicsbLessons from Japan bTaylor & Francisc2019 a1 online resource (300 p.) atextbtxt2rdacontent acomputerbc2rdamedia aonline resourcebcr2rdacarrier0 aFree-to-readfUnrestricted online access2star aJapan's high-speed Internet access services such as ADSL, CATV Internet and FTTH are considered the cheapest and fastest state-of-the-art services drawing international attention. In this book the author introduces the current status of broadband services in Japan and their recent development in competition policy. An econometric model is proposed and discussed to analyse access demand. The purpose of the analysis is to understand quantitively the current status of the rapidly developing Japanese broadband services while providing an academic and practical basis for conceiving prospective competition policies. The book is composed of three parts. The first part introduces the diffusion of current Broadband services, the economics of network industries and related econometric model analysis. The second part elucidates in detail the development of fixed-line broadband services, IP phone services as well as mobile phone services. The third part consequently investigates the migration among broadband services, the fixed and mobile convergence and the digital divide problem. aAll rights reserveduhttp://oapen.org/content/about-rights aEnglish 7aBusiness & management2bicssc 7aEconomics2bicssc 7aMedia, information & communication industries2bicssc aeconomics0 aDOAB Library.40uhttps://directory.doabooks.org/handle/20.500.12854/2695570zFree-to-read: DOAB: description of the publication c92695d92695